01526nas a2200241Ia 4500001001100000003001000011008004100021040002500062041001300087100001700100210002500117222002500142245004700167250001100214260008800225300001100313310001200324362003500336500039100371501011400762520039100876650001701267L263-47633IT-CnALBA170116c99999999xx |||||||||||| ||und|| aIT-CnALBAcIT-CnALBA aITALIANO aOLDANI GUIDO aLUOGHI DELL'INFINITO aLUOGHI DELL'INFINITO 0aLUOGHI DELL'INFINITO. LUGLIO-AGOSTO 1998.  a1a ed. aMILANObAVVENIRE NUOVA ED. ITALIANA c1998 [1° Ed.:1998 - Ed.Ling.Originale: 1998] a82 p.  aMENSILE aFascicolo: 10 / Anno: 2 (1998) aCHIESE RUPESTRI IN PUGLIA. I SANTI DEI GIUBILEI. PIACENZA, SULLE ORME DI SIGERICO. ZUCCHINI G. L. AMBESI C. A. POESIE E INFINITO. MAESTÀ E PASSIONE. L'ANGELO DI MOSÈ. MUSICHE E MITI. CRISTIANESIMO SOTTERRANEO. IL VIAGGIO PIÙ LUNGO, HAMMARSKIOLD. LA BRETAGNA DEL GRANDE PERDONO. ORISSA, CITTÀ SANTA DEGLI INDU''. L'AGLIATA DI TEOFILO FRATE. LA CORONA SEGNO DEL POTERE DALL'ALTO.  aSocietà San Paolo EM - Piazza San Paolo, 14 - 12051 ALBA (CN) (non commercial uses only) ® Copyright 2017 aCHIESE RUPESTRI IN PUGLIA. I SANTI DEI GIUBILEI. PIACENZA, SULLE ORME DI SIGERICO. ZUCCHINI G. L. AMBESI C. A. POESIE E INFINITO. MAESTÀ E PASSIONE. L'ANGELO DI MOSÈ. MUSICHE E MITI. CRISTIANESIMO SOTTERRANEO. IL VIAGGIO PIÙ LUNGO, HAMMARSKIOLD. LA BRETAGNA DEL GRANDE PERDONO. ORISSA, CITTÀ SANTA DEGLI INDU''. L'AGLIATA DI TEOFILO FRATE. LA CORONA SEGNO DEL POTERE DALL'ALTO.  aLUOGHI SACRI